大家一起来学禅绕画 (Record no. 68401)

000 -LEADER
fixed length control field 00507nam a22001817a 4500
003 - CONTROL NUMBER IDENTIFIER
control field MPLRDC
005 - DATE AND TIME OF LATEST TRANSACTION
control field 20220105061054.0
008 - FIXED-LENGTH DATA ELEMENTS--GENERAL INFORMATION
fixed length control field 210129b ||||| |||| 00| 0 eng d
020 ## - INTERNATIONAL STANDARD BOOK NUMBER
International Standard Book Number 978-957-32-7277-9
082 ## - DEWEY DECIMAL CLASSIFICATION NUMBER
Classification number 947.1 KRA
100 ## - MAIN ENTRY--PERSONAL NAME
Personal name 贝卡·克胡拉 BECKAH KRAHULA
245 ## - TITLE STATEMENT
Title 大家一起来学禅绕画
Statement of responsibility, etc. 金黎晅 译
250 ## - EDITION STATEMENT
Edition statement 初版二刷
260 ## - PUBLICATION, DISTRIBUTION, ETC.
Place of publication, distribution, etc. 台湾
Name of publisher, distributor, etc. 远流出版事业股份有限公司
Date of publication, distribution, etc. 2014
300 ## - PHYSICAL DESCRIPTION
Other physical details
650 ## - SUBJECT ADDED ENTRY--TOPICAL TERM
Topical term or geographic name entry element 一般西洋画法
942 ## - ADDED ENTRY ELEMENTS (KOHA)
Koha item type Book
-- 947.1 KRA

No items available.

© 2022. Malaysian Public Library, Research and Development Centre. All Right ReservedE-mailmplrdc@help.edu.my 

Powered by Koha